LEADER 00756nam0-22002771i-450- 001 990000475770403321 005 20080318091827.0 035 $a000047577 035 $aFED01000047577 035 $a(Aleph)000047577FED01 035 $a000047577 100 $a20020821d1969----km-y0itay50------ba 101 0 $aeng 105 $aa-------001yy 200 1 $aIonization, conductivity and breakdown in dielectric liquids$fIgnacy Adamczewski 210 $aLondon$cTaylor & Francis$d1969 215 $a439 p.$cill.$d27 cm 610 0 $aDielettrici 676 $a537.24 700 1$aAdmczewski,$bIgnacy 801 0$aIT$bUNINA$gRICA$2UNIMARC 901 $aBK 912 $a990000475770403321 952 $a10 B I 159$b7993$fDINEL 959 $aDINEL 997 $aUNINA LEADER 02017 am 2200445 n 450 001 9910495978303321 005 20160420 010 $a2-271-09099-7 024 7 $a10.4000/books.editionscnrs.9011 035 $a(CKB)4340000000012975 035 $a(FrMaCLE)OB-editionscnrs-9011 035 $a(oapen)https://directory.doabooks.org/handle/20.500.12854/84946 035 $a(PPN)267943040 035 $a(EXLCZ)994340000000012975 100 $a20160616j|||||||| ||| 0 101 0 $afre 135 $auu||||||m|||| 181 $ctxt$2rdacontent 182 $cc$2rdamedia 183 $acr$2rdacarrier 200 13$aLa France préhistorienne de 1789 à 1941 /$fArnaud Hurel 210 $aParis $cCNRS Éditions$d2016 215 $a1 online resource (281 p.) 225 1 $aHors collection 311 $a2-271-06600-X 330 $aLa préhistoire, une passion française? qui remonte à la Révolution et aux premières tentatives d?organisation de la recherche archéologique. La fièvre préhistorienne culmine au XIXe siècle : fouilles sauvages, commerce illégal de monuments mégalithiques, archéologues du dimanche? Mais aussi paysans occupés à paver les rues de leur village avec les menhirs de Carnac ! Il faudra attendre 1941 pour que l?État réglemente les fouilles archéologiques. Cet ouvrage retrace la longue marche des archéologues français vers l?institutionnalisation de leur discipline, aventure passionnante qui vit les préhistoriens se mobiliser contre les pouvoirs publics pour préserver leur liberté d?agir. 606 $aAntiquities, Prehistoric$zFrance 607 $aFrance$xAntiquities 610 $aarchéologie 610 $apréhistoire 610 $aFrance 610 $ahistoire 610 $apolitique 615 0$aAntiquities, Prehistoric 700 $aHurel$b Arnaud$01238330 801 0$bFR-FrMaCLE 906 $aBOOK 912 $a9910495978303321 996 $aLa France pre?historienne de 1789 a? 1941$92874032 997 $aUNINA LEADER 02569nam 22006493u 450 001 9910781224303321 005 20210111120405.0 010 $a1-283-13309-1 010 $a9786613133090 010 $a0-7486-3244-1 035 $a(CKB)2550000000036728 035 $a(EBL)714142 035 $a(OCoLC)730151839 035 $a(SSID)ssj0000523465 035 $a(PQKBManifestationID)12162584 035 $a(PQKBTitleCode)TC0000523465 035 $a(PQKBWorkID)10542698 035 $a(PQKB)21890978 035 $a(MiAaPQ)EBC714142 035 $a(EXLCZ)992550000000036728 100 $a20130418d2011 uy| 0 101 0 $aeng 135 $aur|nu---||||| 181 $ctxt$2rdacontent 182 $cc$2rdamedia 183 $acr$2rdacarrier 200 10$aIntercultural Communication $eA Critical Introduction /$fIngrid Piller 210 $aEdinburgh $cEdinburgh University Press$d2011 215 $a1 online resource (209 p.) 300 $aDescription based upon print version of record. 311 $a0-7486-3284-0 320 $aIncludes bibliographical references (pages 179-193) and index. 327 $aCover; Copyright; Contents; Acknowledgements; chapter 1 Overview; chapter 2 Approaching Intercultural Communication; chapter 3 The Genealogy of Intercultural Communication; chapter 4 Language and Culture; chapter 5 Nation and Culture; chapter 6 Intercultural Communication at Work; chapter 7 Intercultural Communication for Sale; chapter 8 Intercultural Romance; chapter 9 Intercultural Communication and Exclusion; chapter 10 Intercultural Communication in a Multilingual World; chapter 11 The Future of Intercultural Communication; References; Index 330 $aA comprehensive critical introduction to the field of Intercultural Communication from a sociolinguistic and discourse-analytic perspective. 606 $aIntercultural communication 606 $aSociolinguistics 606 $aIntercultural$2LOCAL 606 $aComunicación$2LOCAL 606 $aLengua$2LOCAL 606 $aLibros electrónicos$2LOCAL 606 $aCultura$2LOCAL 615 0$aIntercultural communication. 615 0$aSociolinguistics. 615 17$aIntercultural 615 27$aComunicación 615 27$aLengua 615 27$aLibros electrónicos 615 27$aCultura 700 $aPiller$b Ingrid$01172086 801 0$bAU-PeEL 801 1$bAU-PeEL 801 2$bAU-PeEL 801 2$bAzTeS 906 $aBOOK 912 $a9910781224303321 996 $aIntercultural Communication$93749060 997 $aUNINA